| 000 | 00669nam a22001817a 4500 | ||
|---|---|---|---|
| 999 |
_c26039 _d26039 |
||
| 003 | BDDh-ASL | ||
| 005 | 20231015030605.0 | ||
| 008 | 210924s1950 i ||||| |||| 00| 0 u d | ||
| 040 |
_aBDDh-ASL _cBDDh-ASL |
||
| 082 |
_a297.092 _bRAQ |
||
| 100 | 1 |
_94554 _aRahman, Maulavi Muhammad Abdur |
|
| 245 | 1 | 0 | _aQurun-I Usta Ke Muslamano ki Ilmi Khidmat (V-2) : / قرون وسطی کے مسلمانوں کی علمی خدمات- حصہ اول |
| 246 | _aQurun-I Usta Ke Muslamano ki Ilmi Khidmat : | ||
| 260 |
_aDelhi : _bNadwatul Musannifin , _c1950. |
||
| 300 |
_a319 p. : _c18 cm. |
||
| 650 | 0 |
_94523 _a Muslim History _vMedieval Period _xMuslim |
|
| 942 |
_2ddc _cBK |
||